| 000 | 00659nam a2200229Ia 4500 | ||
|---|---|---|---|
| 001 | 808 | ||
| 003 | GE_BSU | ||
| 008 | 181216s||||||||xx |||||||||||||| ||und|| | ||
| 020 | _a525500003 | ||
| 040 | _cGE_BSU | ||
| 080 | _a359(075.8) | ||
| 100 | _aБатыгин,К.С; Трофимюк,Н.А; | ||
| 245 | _aСоциальное страхование и охрана здаровья трудящихся. | ||
| 245 | _bУчебное пособие. | ||
| 260 | _aМосква | ||
| 260 | _bПрофиздат | ||
| 260 | _c1989 | ||
| 300 | _a224 с. | ||
| 541 | _h6 л. | ||
| 653 | _aСоциальное страхование | ||
| 942 | _cBK | ||
| 999 |
_c34973 _d34973 |
||